Wandering Soul/ (Record no. 206539)

MARC details
000 -LEADER
fixed length control field 00561nam a22001937a 4500
005 - DATE AND TIME OF LATEST TRANSACTION
control field 20241021160812.0
010 ## - LCCN (DPL NO)
LC control number ENG-142221
020 ## - INTERNATIONAL STANDARD BOOK NUMBER
Terms of availability 199.00
International Standard Book Number 8191060752
035 ## - SYSTEM CONTROL NUMBER
System control number EN-125753
037 ## - SOURCE OF ACQUISITION
Source of stock number/acquisition DBAD/PUB
082 ## - DEWEY DECIMAL CLASSIFICATION NUMBER
Classification number 181.499
100 ## - MAIN ENTRY--PERSONAL NAME
Personal name Uday, Kumar
245 ## - TITLE STATEMENT
Title Wandering Soul/
Statement of responsibility, etc Uday Kumar
250 ## - EDITION STATEMENT
Edition statement 1
260 ## - PUBLICATION, DISTRIBUTION, ETC. (IMPRINT)
Place of publication, distribution, etc New Delhi
Name of publisher, distributor, etc Lucky International
Date of publication, distribution, etc 2012
270 ## - ADDRESS
City New Delhi
Address G-68/B, Basement, Kalkaji,
Postal code 110019
Telephone number 7838260289
Electronic mail address luckybk05@yahoo.co.in
300 ## - PHYSICAL DESCRIPTION
Extent 125p.
Dimensions 22cm(pb)
942 ## - ADDED ENTRY ELEMENTS (KOHA)
Source of classification or shelving scheme Dewey Decimal Classification
Item type English Books
Classification part 181.499
Call number suffix UDA
Holdings
Withdrawn status Lost status Not for loan Collection code Home library Current library Date acquired Source of acquisition Cost, normal purchase price Full call number Barcode Copy number Cost, replacement price Koha item type
      Non-fiction Bawana Bawana 21/10/2024 DBAD 199.00 181.499 UDA EN-125753 1 199.00 English Books

© Delhi Public Library
Hit Counter
free hit counter